Guess the Punk/New Wave artists from the song - Statistics

General Stats
  • This quiz has been taken 27 times
  • The average score is 8 of 15
Answer Stats
Hint Answer % Correct
God save the Queen Sex Pistols
100%
London Calling The Clash
96%
Sheena is a Punk Rocker The Ramones
84%
Lust for Life Iggy Pop
80%
Holiday in Cambodia Dead Kennedys
72%
Hong Kong Garden Siouxsie and the Banshees
56%
New Rose The Damned
52%
Because the Night Patti Smith
48%
Going Underground The Jam
48%
What do I get? Buzzcocks
44%
Alternative Ulster Stiff Little Fingers
40%
Germ Free Adolescent X-Ray Spex
36%
Pump it up Elvis Costello and the Attractions
32%
No More Heroes The Stranglers
32%
Personality Crisis New York Dolls
28%
No matching quizzes found
Score Distribution
Percent of People with Each Score
Percentile by Number Answered
Your Score History
You have not taken this quiz